| 000 | 00574cam a2200169 a 4500 | ||
|---|---|---|---|
| 020 | _a0803109407 (pbk.) | ||
| 040 | _cDLC | ||
| 082 | 0 | 0 | _a629 AST 1987 A083 Or. |
| 245 | 0 | 0 | _aLaboratory performance tests for automotive gear lubricants intended for API GL-5 service / |
| 260 |
_aPhiladelphia, PA : _bASTM _cc1987. |
||
| 300 |
_a105 p. : _bill. ; _c28 cm. |
||
| 500 | _a"ASTM publication code number (PCN) 04-51200112." | ||
| 650 | 0 | _aLubrication and lubricants | |
| 650 | 0 | _aAutomobiles | |
| 710 | 2 | _aASTM Committee D-2 on Petroleum Products and Lubricants. | |
| 942 | _cEK | ||
| 999 |
_c16016 _d16016 |
||